000 00519nam a2200169 4500
001 111747
003 ES-MaACL
005 20230906185344.0
007 t|
008 061121s1970 sp r ||||1| spa d
100 1 _aNeufert, Ernst.
_985434
245 1 0 _aManual del Styropor /
_cErnst Neufert; adaptación, Buenaventura Bassegoda.
260 _aBarcelona :
_bHerder,
_c1970.
300 _aXX, 907 p. :
_bil. ;
_c30 cm.
700 1 _aBassegoda Musté, B. (
_d1896-1987)
_926310
852 _aES-MaACL
_jC-41412
_bR.74771
999 _c111747
_d111747